Gaming Quiz

Random Gaming or Clickable Quiz
Score 0/60 Timer 06:00
20 Plays Today
% Correct
Bulbasaur
93.4%
Charmander
91.4%
Squirtle
90.5%
Clubs
89.1%
King
88.6%
Queen
88.4%
Knight
87.9%
Bishop
87.8%
Hearts
87.5%
Pawn
87.4%
Battleship
87.3%
Billiard Room
87%
Ballroom
86.9%
Dining Room
86.7%
Destroyer
86.6%
Spades
86.5%
Rook
86.2%
Kitchen
86.1%
Library
86.1%
Lounge
86%
Blinky
85.9%
Submarine
85.7%
Coal
85.5%
Cruiser
85.4%
Gold
85.3%
Conservatory
85.3%
Diamond
85.1%
Pinky
85%
Carrier
85%
Pennsylvania
85%
% Correct
Inky
84.8%
Iron
84.7%
Yahtzee
84.7%
Emerald
84.6%
Redstone
83.8%
Four of a Kind
83.6%
Study
83.4%
Small Straight
83.4%
Hall
83.3%
Nether Quartz
83.2%
Large Straight
83.2%
Three of a Kind
82.8%
Diamonds
82.7%
Full House
82.6%
Courage
81.7%
Larry
80.4%
Power
80.2%
Lemmy
79.7%
Wisdom
79.7%
Ludwig
77.4%
B&O
76.8%
Roy
76.8%
Iggy
76.3%
Short Line
76.2%
Reading
75.8%
Morton
75.4%
Clyde
74.7%
Lapis Lazuli
73.7%
Wendy
72.5%
Chance
71.1%

You're not logged in!

Compare scores with friends on all Sporcle quizzes.
OR
Log In

Sporcle TV

Today on Sporcle TV


Watch our educational content, quiz creation guides, and fun videos on Sporcle TV.

Show Comments

Extras

Top Quizzes Today


Score Distribution

Paid Content

Your Account Isn't Verified!

In order to create a playlist on Sporcle, you need to verify the email address you used during registration. Go to your Sporcle Settings to finish the process.

Report this User

Report this user for behavior that violates our Community Guidelines.

Details: